Score 0/28 Timer 05:00
0 Plays Today
Tournament Robot % Correct
The Second Wars (King Buxton)R̶o̶b̶o̶ ̶D̶o̶c̶
95.1%
The Second Wars (King Buxton)Roadblock (won)
95.1%
The Third Wars (King Buxton)101
95.1%
Extreme 1: miscellaneous (King B Powerworks)101
95.1%
The Seventh Wars (King B Powerworks)Dantomkia
95.1%
Series 7: All-Stars (King B Powerworks)Dantomkia
95.1%
Series 4: Tag Team Terror (King B3, with 101)F̶i̶r̶e̶s̶t̶o̶r̶m̶ ̶2̶
90.2%
Series 4: Tag Team Terror (King B3, with 101)S̶c̶o̶r̶p̶i̶o̶n̶
90.2%
Extreme 1: Tag Team Terror (King B Powerworks, with 101)Mega Morg
90.2%
Extreme 1: Tag Team Terror (King B Powerworks, with 101)Díotóir
90.2%
Extreme 1: Mayhems/Annihilators (King B Powerworks)The Steel Avenger
90.2%
Extreme 1: Mayhems/Annihilators (King B Powerworks)T̶o̶r̶n̶a̶d̶o̶
90.2%
The Fifth Wars (King B Powerworks)Dominator 2
90.2%
Series 7: All-Stars (King B Powerworks)B̶e̶h̶e̶m̶o̶t̶h̶
90.2%
Tournament Robot % Correct
The Seventh Wars (King B Powerworks)IG-88
90.2%
Series 7: All-Stars (King B Powerworks)Pussycat
87.8%
The Fourth Wars (King B3)Atomic
85.4%
Series 4: Tag Team Terror (King B3, with 101)X̶-̶T̶e̶r̶m̶i̶n̶a̶t̶o̶r̶ ̶2̶
85.4%
Extreme 1: miscellaneous (King B Powerworks)D̶r̶a̶v̶e̶n̶
85.4%
The Fifth Wars (King B Powerworks)K̶r̶o̶n̶i̶c̶ ̶2̶
82.9%
The Fourth Wars (King B3)Medusa 2000
80.5%
The Seventh Wars (King B Powerworks)R̶i̶c̶k̶
80.5%
The Fourth Wars (King B3)A̶t̶t̶i̶l̶a̶ ̶t̶h̶e̶ ̶D̶r̶u̶m̶
78%
Series 4: Tag Team Terror (King B3, with 101)I̶n̶v̶e̶r̶t̶e̶r̶b̶r̶a̶t̶
78%
The Seventh Wars (King B Powerworks)H̶a̶s̶s̶o̶c̶k̶s̶ ̶H̶o̶g̶ ̶2̶
75.6%
The Third Wars (King Buxton)W̶e̶l̶d̶-̶D̶o̶r̶
70.7%
The Third Wars (King Buxton)E̶r̶i̶c̶
68.3%
The Second Wars (King Buxton)A̶l̶l̶ ̶T̶o̶r̶q̶u̶e̶
65.9%
Remove Ads.
Support Sporcle.
Get the best of Sporcle when you Go Orange. This ad-free experience offers more features, more stats, and more fun while also helping to support Sporcle. Thank you for becoming a member.

You're not logged in!

Compare scores with friends on all Sporcle quizzes.
OR
Log In

Show Comments

Extras

Top Quizzes Today


Score Distribution

Your Account Isn't Verified!

In order to create a playlist on Sporcle, you need to verify the email address you used during registration. Go to your Sporcle Settings to finish the process.

Report this User

Report this user for behavior that violates our Community Guidelines.

Details: